Hét ablak világít
Elmentve itt :
| Szerző: | |
|---|---|
| Dokumentumtípus: | Cikk |
| Megjelent: |
1983-12-07
|
| Sorozat: | Délmagyarország
|
| Kulcsszavak: | Iskolatörténet Zsombó 1983, Zsombó, Oktatás népfőiskola Wesselényi Iskola Zsombó, Közművelődés klub Zsombó |
| Online Access: | http://dmarchiv.bibl.u-szeged.hu/36749 |
| LEADER | 00536nab a2200157 i 4500 | ||
|---|---|---|---|
| 001 | delm36749 | ||
| 005 | 20180927112805.0 | ||
| 008 | 180927s1983 hu o 0|| hun d | ||
| 040 | |a SZTE Délmagyarország Archívum |b hun | ||
| 041 | |a hun | ||
| 100 | 1 | |a Horváth Dezső | |
| 245 | 1 | 0 | |a Hét ablak világít |h [elektronikus dokumentum] / |c Horváth Dezső |
| 260 | |c 1983-12-07 | ||
| 300 | |a 1 | ||
| 490 | 0 | |a Délmagyarország | |
| 695 | |a Iskolatörténet Zsombó 1983, Zsombó, Oktatás népfőiskola Wesselényi Iskola Zsombó, Közművelődés klub Zsombó | ||